00301nam a2200109 a 4500008004100000050001900041100002800060245004600088260003400134300001400168350000900182120416s1975 ||||||||||||||||| || u aHF 5616.E8 Old aOldham, Kenneth Michael10aAccounting systems and practice in Europe aHampshirebGowerc[1975(1979) axi, 183p. a0.00